MARC details
| 000 -LEADER |
| fixed length control field |
01180nam a2200337 i 4500 |
| 003 - CONTROL NUMBER IDENTIFIER |
| control field |
TR-AnTOB |
| 005 - DATE AND TIME OF LATEST TRANSACTION |
| control field |
20230418153438.0 |
| 007 - PHYSICAL DESCRIPTION FIXED FIELD--GENERAL INFORMATION |
| fixed length control field |
ta |
| 008 - FIXED-LENGTH DATA ELEMENTS--GENERAL INFORMATION |
| fixed length control field |
990317t19951995tu a 000 0 tur d |
| 020 ## - INTERNATIONAL STANDARD BOOK NUMBER |
| International Standard Book Number |
9757238171 |
| 040 ## - CATALOGING SOURCE |
| Original cataloging agency |
BGZ |
| Language of cataloging |
eng |
| Description conventions |
rda |
| Transcribing agency |
TR-AnTOB |
| Modifying agency |
TR-AnTOB |
| 041 1# - LANGUAGE CODE |
| Language code of text/sound track or separate title |
Türkçe |
| Language code of original |
eng |
| 050 14 - LIBRARY OF CONGRESS CALL NUMBER |
| Classification number |
D767 |
| Item number |
.H6919 1995 |
| 090 ## - LOCALLY ASSIGNED LC-TYPE CALL NUMBER (OCLC); LOCAL CALL NUMBER (RLIN) |
| Classification number (OCLC) (R) ; Classification number, CALL (RLIN) (NR) |
D767 |
| Local cutter number (OCLC) ; Book number/undivided call number, CALL (RLIN) |
.H6919 1995 |
| 100 1# - MAIN ENTRY--PERSONAL NAME |
| Personal name |
Hoyt, Edwin P. |
| Fuller form of name |
(Edwin Palmer), |
| Dates associated with a name |
1928-2005 |
| Relator term |
author |
| 9 (RLIN) |
141513 |
| 240 10 - UNIFORM TITLE |
| Uniform title |
Japan's war: the great Pacific conflict. |
| Language of a work |
Turkish. |
| 245 10 - TITLE STATEMENT |
| Title |
Japonya : |
| Remainder of title |
asker bir ulusun intiharı / |
| Statement of responsibility, etc. |
Edwin P. Hoyt ; Türkçesi: Şerif Erol. |
| 250 ## - EDITION STATEMENT |
| Edition statement |
Birinci Baskı |
| 264 #1 - PRODUCTION, PUBLICATION, DISTRIBUTION, MANUFACTURE, AND COPYRIGHT NOTICE |
| Place of production, publication, distribution, manufacture |
İstanbul : |
| Name of producer, publisher, distributor, manufacturer |
Sabah Kitapları, |
| Date of production, publication, distribution, manufacture, or copyright notice |
1995. |
|
| Date of production, publication, distribution, manufacture, or copyright notice |
©1995 |
| 300 ## - PHYSICAL DESCRIPTION |
| Extent |
viii, 397 pages : |
| Other physical details |
illustrations ; |
| Dimensions |
24 cm |
| 336 ## - CONTENT TYPE |
| Content type term |
text |
| Content type code |
txt |
| Source |
rdacontent |
| 337 ## - MEDIA TYPE |
| Media type term |
unmediated |
| Media type code |
n |
| Source |
rdamedia |
| 338 ## - CARRIER TYPE |
| Carrier type term |
volume |
| Carrier type code |
nc |
| Source |
rdacarrier |
| 650 #7 - SUBJECT ADDED ENTRY--TOPICAL TERM |
| Topical term or geographic name entry element |
Dünya Savaşı, 1939-1945 |
| General subdivision |
Propaganda |
| Source of heading or term |
etuturkob |
| 9 (RLIN) |
28952 |
|
| Topical term or geographic name entry element |
Dünya Savaşı, 1939-1945 |
| Geographic subdivision |
Japonya |
| Source of heading or term |
etuturkob |
| 9 (RLIN) |
84970 |
| 651 #7 - SUBJECT ADDED ENTRY--GEOGRAPHIC NAME |
| Geographic name |
Japonya |
| General subdivision |
Tarih, Askeri |
| Chronological subdivision |
1868- |
| Source of heading or term |
etuturkob |
| 9 (RLIN) |
141699 |
| 700 1# - ADDED ENTRY--PERSONAL NAME |
| Personal name |
Erol, Şerif |
| Relator term |
translator |
| 9 (RLIN) |
111026 |
| 942 ## - ADDED ENTRY ELEMENTS (KOHA) |
| Source of classification or shelving scheme |
Library of Congress Classification |
| Koha item type |
Book |